| 000 | 02128nam0a2200457 4500 | ||
|---|---|---|---|
| 001 | RU\NLR\bibl\297627 | ||
| 005 | 20250620144236.0 | ||
| 010 |
_a5-9292-0057-2 _93000 |
||
| 021 |
_aRU _b2002-18609 _9935 |
||
| 035 | _a(NLR Aleph) 000292937 | ||
| 090 |
_a1715459 _c1715459 |
||
| 100 | _a20020812d2002 |||y0rusy50 ca | ||
| 101 | 0 |
_arus _aeng |
|
| 102 | _aRU | ||
| 105 | _aa ||||||||| | ||
| 200 | 1 |
_aСистема гуманитарного и социально-экономического знания _eЯзыковая подгот. _eУчеб. пособие для студентов вузов _f[Е. Г. Матушевская] _gПод ред. д. филос. н. С. А. Хмелевской |
|
| 210 |
_aМ. _cPer Se _d2002 |
||
| 215 |
_a414, [1] с. _cил. _d25 |
||
| 225 | 1 |
_aУчебное пособие для юридических вузов _v2 |
|
| 300 | _aАвт. указан на обороте тит.л. | ||
| 320 | _aБиблиогр.: с. 412-413 и в конце разделов | ||
| 606 | 0 |
_aРусский язык _jУчебные издания для высших учебных заведений _xКультура речи _91542537 _3RU\NLR\auth\66973867 |
|
| 606 | 0 |
_aЛатинский язык _jУчебные издания для высших учебных заведений _91432540 _3RU\NLR\auth\66605608 |
|
| 606 | 0 |
_aАнглийский язык _jУчебные издания для высших учебных заведений _9972309 _3RU\NLR\auth\6646032 |
|
| 610 | 0 | _aРусский язык | |
| 610 | 0 | _aЛатинский язык | |
| 610 | 0 | _aАнглийский язык | |
| 675 |
_a80/81(075.8) _v3 _zrus |
||
| 686 |
_a16.41 _2rugasnti |
||
| 686 |
_a81я73 _2rubbk |
||
| 686 | _aШ141.12-923.294 | ||
| 686 | _aШ146.1-93рус329.4 | ||
| 686 | _aШ143.21-93рус329.4 | ||
| 700 | 1 |
_aМатушевская _bЕ. Г. _gЕлена Гаральдовна _4070 |
|
| 801 | 0 |
_aRU _bRKP _c20020812 _gPSBO |
|
| 801 | 1 |
_aRU _bRKP _c20020812 |
|
| 801 | 2 |
_aRU _bNLR _c20050315 _grcr |
|
| 942 | _cBOOK | ||
| 980 | _aNB | ||